Prison Break Quiz - Statistics

General Stats
  • This quiz has been taken 1,095 times
  • The average score is 9 of 24
Answer Stats
Hint Answer % Correct
1. Michael Scofield
86%
2. Lincoln Burrows
82%
3. Theodore Bagwell (T-bag)
81%
4. Fernando Sucre
80%
7. John Abruzzi
77%
6. Benjamin Miles Franklin (C-Note)
75%
8. David Apolskis (Tweener)
74%
5. Charles Patoshik (Haywire)
66%
10. Charles Westmoreland
61%
Michael Scofield Wentworth Miller
60%
Lincoln Burrows Dominic Purcell
43%
Theodore Bagwell (T-Bag) Robert Knepper
26%
Sarah Tancredi Sarah Wayne Callies
20%
Fernando Sucre Amaury Nolasco
19%
Brad Bellick Wade Williams
11%
John Abruzzi Peter Stormare
10%
Paul Kellerman Paul Adelstein
9%
Veronica Donovan Robin Tunney
9%
9. Manche Sanchez
8%
David Apolskis (Tweener) Lane Garrison
5%
Benjamin Miles Franklin (C-Note) Rockmund Dunbar
3%
Charles Westmoreland Muse Watson
2%
Charles Patoshik (Hayewire) Silas Weir Mitchell
2%
LJ Burrows Marshall Altman
1%
No matching quizzes found
Score Distribution
Percent of People with Each Score
Percentile by Number Answered
Your Score History
You have not taken this quiz